00452nam a2200157Ia 4500008004100000020001500041082001500056100002800071245003000099250000800129260004100137300002600178500001900204600002100223650005000244240925s9999 xx 000 0 und d a9971513889 a005.43 SIL aAbraham, Silberschatz - 0aOperating System Concepts a6th aNew York:bJohn Wiley & Sonsc,2002. axx,693p.bNAfPirated aIncludes Index aComputer Science aComputer science, information & general works